000 00560nam a2200157Ia 4500
008 230921s9999||||xx |||||||||||||| ||und||
020 _a978-981-10-8471-3
041 _aEN
100 _aRizauddin Saian, Mohd Azwan Abbas
245 0 _aProceedings of the Second International Conference on the Future of ASEAN (ICoFA) 2017 – Volume 2
250 _a1st ed. 2018
260 _c2018
_bSpringer Singapore
856 _uhttps://doi.org/10.1007/978-981-10-8471-3
856 _uhttps://link.springer.com/openurl?genre=book&isbn=978-981-10-8471-3
942 _cEB
999 _c249250
_d249250